| 000 | 01319nam a22003857a 4500 | ||
|---|---|---|---|
| 003 | CHAP | ||
| 005 | 20220329135348.0 | ||
| 008 | 971013s1967 r 00010 d | ||
| 010 | _a35072 | ||
| 011 | _a36044 | ||
| 035 | _a40163 | ||
| 040 | _cCHAP | ||
| 082 |
_a348.4 _bM48 1967 |
||
| 110 |
_aMéxico. Leyes, decretos, etc. _977071 |
||
| 245 | _aLeyes y reglamentos sobre aguas, bosques, colonización, minas y petróleo | ||
| 250 | _a7 ed. | ||
| 260 |
_aMéxico, D.F. : _bEds. Andrade, _c1967 |
||
| 300 | _a2 v | ||
| 590 |
_aBATCH-UPD _b10 _c20130109 _lUCH01 _h2344 |
||
| 590 |
_aBATCH-UPD _b10 _c20130110 _lUCH01 _h0900 |
||
| 590 |
_aBATCH-UPD _b10 _c20130409 _lUCH01 _h1914 |
||
| 590 |
_aBATCH-UPD _b10 _c20130410 _lUCH01 _h0529 |
||
| 590 |
_aBATCH-UPD _b10 _c20130914 _lUCH01 _h0308 |
||
| 590 |
_aCONVERSION _b10 _c20130109 _lUCH01 _h1320 |
||
| 650 | 1 | 4 |
_aAgua _xLeyes _xMéxico. _92387 |
| 650 | 1 | 4 |
_aBosques _xLeyes _zMéxico. _914332 |
| 650 | 1 | 4 |
_aColonización agrícola _xMéxico _xLeyes. _925399 |
| 650 | 1 | 4 |
_aLegislación minera. _965663 |
| 650 | 1 | 4 |
_aPetróleo _xLeyes. _987670 |
| 700 | 0 |
_aAndrade, Manuel. _95678 |
|
| 901 | _aBK | ||
| 942 | _cLIBRO | ||
| 949 |
_a348.4 M46 1967 _bBC _cC _d33724000488821 _eC _fv.1 _h16919 _i40163 _si _t150.00 |
||
| 949 |
_a348.4 M48 1967 _bBC _cC _d-91747 _eC _fv.2 _h19620 _i40163 _si _t150.00 |
||
| 999 |
_c35072 _d35072 |
||